000 00679nam a22002057a 4500
003 OSt
005 20251126171116.0
008 251126b |||||||| |||| 00| 0 eng d
040 _aDWCL-Main lib.
_cOC
082 _aGR. 624.1 L735p 2004
100 _aLin, Y. K.
245 _aProbabilistic structural dynamics :
_badvanced theory and applications/
_cY.K Lin
260 _aN. Y. :
_b McGraw-Hill,
_cc2004.
300 _axiii, 546 pages. :
_b illustrations;
_c23 centimeters
504 _aIncludes bibliographical references and index.
650 _a1. Stochastic processes.
650 _a2. Structural dynamics.
700 _aCai, G. Q.
942 _2ddc
_cBK-GR
_hGR.
_n0
999 _c6418
_d6418